Putting MEES first (Record no. 84713)

MARC details
000 -LEADER
fixed length control field 00944cab a22002175a 4500
001 - CONTROL NUMBER
control field L158857
008 - FIXED-LENGTH DATA ELEMENTS--GENERAL INFORMATION
fixed length control field 150825e20150808xxk 000 0 eng d
035 ## - SYSTEM CONTROL NUMBER
System control number (Sirsi) u158857
041 0# - LANGUAGE CODE
Language code of text/sound track or separate title eng
100 1# - MAIN ENTRY--PERSONAL NAME
Personal name Glass, Ed
245 00 - TITLE STATEMENT
Title Putting MEES first
260 ## - PUBLICATION, DISTRIBUTION, ETC.
Date of publication, distribution, etc. 2015
490 ## - SERIES STATEMENT
Series statement Estates Gazette
Volume/sequential designation (1531) 8 August 2015, 48-49(2)
520 ## - SUMMARY, ETC.
Summary, etc. Explains the importance of the Minimum Energy Efficiency Standards (MEES) which will apply on properties that require an EPC under existing regulations or one where an EPC already exists. These standards will make it unlawful to let non-domestic property with a sub-standard EPC rating of F or G. From 1 April 2018 the prohibition will apply on the grant of new leases and from 1 April 2023 the prohibition will apply to all leased buildings.
590 ## - LOCAL NOTE (RLIN)
Local note KA
651 #4 - SUBJECT ADDED ENTRY--GEOGRAPHIC NAME
Geographic name United Kingdom
690 ## - LOCAL SUBJECT ADDED ENTRY--TOPICAL TERM (OCLC, RLIN)
Topical term or geographic name as entry element Energy
9 (RLIN) 6237
690 ## - LOCAL SUBJECT ADDED ENTRY--TOPICAL TERM (OCLC, RLIN)
Topical term or geographic name as entry element Environment
9 (RLIN) 6238
700 1# - ADDED ENTRY--PERSONAL NAME
Personal name Hogg, Nick
942 ## - ADDED ENTRY ELEMENTS (KOHA)
Suppress in OPAC 0
Holdings
Withdrawn status Lost status Source of classification or shelving scheme Damaged status Not for loan Home library Current library Shelving location Date acquired Total Checkouts Full call number Barcode Date last seen Copy number Price effective from Koha item type
    Dewey Decimal Classification     London London Journal article 25/08/2015   L158857 158857-1001 06/08/2019 1 06/08/2019 Journal article